Rast podniku, jeho spôsoby a možnosti jeho hodnotenia diplomová práca

Gespeichert in:
Bibliographische Detailangaben
1. Verfasser: Bako, Marek
Körperschaft: Fakulta podnikového manažmentu EU. Katedra podnikovohospodárska
Weitere Verfasser: Neumannová, Anna
Format: Buch
Sprache:Slowakisch
Veröffentlicht: Bratislava 2011
Tags: Tag hinzufügen
Keine Tags, Fügen Sie das erste Tag hinzu!

MARC

LEADER 00000nbm a2200000 4500
001 0131427
005 20161109101702.9
041 0 |a slo 
044 |a SK 
245 1 0 |a Rast podniku, jeho spôsoby a možnosti jeho hodnotenia  |b diplomová práca  |c Marek Bako ; školiteľ: Anna Neumannová 
264 1 |a Bratislava  |c 2011 
300 |a 71 s. 
100 1 |a Bako, Marek 
700 1 |a Neumannová, Anna 
710 2 |a Fakulta podnikového manažmentu EU. Katedra podnikovohospodárska